Polskie marki samochodowe - Statystyki

Ogólne statystyki
  • Ten quiz został rozwiązany 454 razy
  • Średni wynik to 4 z 9
Statystyki odpowiedzi
Marka % Poprawnych
Polonez
86%
Warszawa
66%
Syrenka
52%
Żuk
44%
Star
37%
Nysa
35%
Jelcz
32%
Tarpan
24%
Mikrus
8%
Nie znaleziono quizów pasujących do podanych kryteriów
Rozkład punktacji
Procent ludzi z każdym wynikiem
Percentyl według liczby udzielonych odpowiedzi
Twoja historia wyników
Nie rozwiązałeś tego quizu